000 01018nam a2200313 i 4500
003 EG-GICUC
005 20260408121211.0
008 260408s1972 Fr |||fr|||| 00| 0 fre d
040 _aEG-GiCUC
_bfre
_cEG-GiCUC
_dEG-GiCUC
_eRda
082 0 4 _221
_a343.3
_bBO . D
092 0 4 _221
099 _aLaw1 10 343.3 BO . D 1972
100 1 _aBoubée, Gabriel Roujou De
_eAuteur
245 1 0 _aDroit Pénal De La Construction Et De L'urbanisme /
_cGabriel Roujou De Boubée.
264 1 _aParis :
_bLibrairie Dalloz,
_c1972.
264 3 _bImp. F. Boisseau
300 _a340 page ;
_bil
_c 24 cm.
336 _2rda contenu
_a texte
337 _2rda medias
_aOrdinateur
338 _2 transporteur rda
_a Ressource en ligne
500 _aIndex
504 _aBibliography: pages 200-250. 240-220
650 1 _aDroit De Procédure Pénale
_2qrmak
650 1 _aDroit De Pénale
_2qrmak
651 1 _2qrmak
856 4 0 _uhttps://fll.law.cu.edu.eg/fulltext/bks/B10-08997.pdf
905 _a54
942 _2ddc
_cBK
_e21
_n0
999 _c69679
_d69679